000
00297nam a22001337a 4500
008
171016b xxu||||| |||| 00| 0 eng d
020
_a
9780028227115
041
_a
eng
080
_a
33
100
_a
52
101
_a
EKO
245
_a
APPLYING ECONOMIC PRINCIPLES
_c
GORDON,S.D
942
_2
udc
_c
BK
999
_c
34203
_d
34203